Tre volte più digitazione veloce dalla A alla Z - Statistics

Statistiche generali
  • Questo quiz è stato fatto 2.056 volte
  • Il punteggio medio è 22 su 78
Statistiche sulle risposte
lettera % Corretto
a
100%
b
97%
c
96%
d
94%
e
94%
f
93%
g
92%
h
91%
i
90%
j
76%
k
73%
l
71%
m
70%
n
68%
o
68%
p
67%
q
64%
r
63%
s
61%
t
60%
u
58%
v
54%
w
48%
x
42%
y
39%
z
38%
A
30%
B
27%
C
25%
D
24%
E
23%
F
21%
G
19%
H
18%
I
17%
J
16%
K
15%
L
14%
M
14%
N
12%
O
12%
P
11%
Q
10%
R
8%
S
7%
T
7%
U
6%
V
5%
W
5%
X
4%
Y
3%
Z
3%
A
2%
B
2%
C
2%
D
2%
E
2%
F
1%
G
1%
H
1%
I
1%
J
1%
K
1%
L
1%
M
1%
N
1%
O
1%
P
0%
Q
0%
R
0%
S
0%
T
0%
U
0%
V
0%
W
0%
X
0%
Y
0%
Z
0%
Nessun quiz corrispondente trovato
Distribuzione punteggi
Percentuale di utenti per punteggio
Percentile per numero di risposta
I tuoi punteggi nel tempo
Non hai fatto questo quiz